000 00710nam a22002057a 4500
999 _c61782
_d61782
005 20240502122845.0
008 240502s2007 enk||||| |||| 00| 0 eng d
020 _a9781416038481x
041 _aeng
080 _a616.6 H-22
100 _aHanno, Philip M.
_922042
245 _aPenn Clinical Manual of Urology:
_bExpert Consult - Online and Print /
_cPhilip M Hanno, S. Bruce Malkowicz, Alan J. Wein.
264 _aPhiladelphia :
_bSaunders,
_c2007.
300 _a986 p.:
_bill.;
_c20 cm.
653 _aუროლოგია
653 _aმედიცინა
700 _aMalkowicz, S. Bruce
_eავტორი
_922043
700 _aWein, Alan J.
_eავტორი
_922044
942 _2udc
_cBK